Регионална библиотека "Любен Каравелов" - Русе

Екологичен мониторинг (Запис номер 168197)

MARC детайли
000 -Лидер
Контролно поле с фиксирана дължина 02002nam a2200409 c 4500
003 - Код на организацията, давaща контролен номер
Контролно поле BLK
005 - Дата и час на последна редакция
Контролно поле 20250324104914.0
008 - Елементи от данни с фиксирана дължина
fixed length control field 180411b bul|||||r ||||||| ||bul||
010 ## - Наследен системен номер
LC control number KNG00176072000
020 ## - Международен стандартен номер на книга ISBN
Международен стандартен номер на книга ISBN 978-954-535-861-6
-- издат.: Нов бълг. унив.
040 ## - Източник на каталожния запис
Идентификатор на билиотеката - собственик на записа BLK
041 ## - Код за език
Код за езика на текст/звукозапис или на отделно заглавие Български
Код за езика КДБФ Български
072 #7 - Код за тематичната категория
Код организация bullib
Код за тематична категория Н5000
Текст Екология Н
080 ## - УДК
Текстов определител УДК Контролиране и установяване на нарушенията, възстановяване на околната среда. Екологичен мониторинг. Уреди за наблюдаване на замърсяването, измерване на нарушенията и др.
УДК код - определител по УДК 504.06
УДК определител (075.8)
УДК - код + определител 504.06(075.8)
100 1# - Редна дума - Автор
Автор Захаринов, Ботьо Станимиров
Авторска отговорност първи автор
R(LIN) 292644
139 ## - Редно поле
Редна дума Захаринов, Ботьо Станимиров и др.
Авторски знак Зах - З 40
245 10 - Сведения за заглавието
Заглавие Екологичен мониторинг
Редно поле (дума) Ботьо Станимиров Захаринов; съавт. Янчо Стоянов Найденов.
257 ## - Страна на издаване
Страна на създаване/издаване България
260 ## - Област на издателските данни
-- София
Име на издателя, разпространителя и проч. Нов бълг. унив.
Година на издаване 2015
300 ## - Физическа характеристика
Страници 296 с.
Илюстрации и др. с табл., диагр.
Размери/Мащаб 24 см
380 ## - Жанр
Жанр Естествени науки. Математика
500 ## - Общи забележки
Забележка Съдържа и за авт. - Библиогр. с. 289-296.
650 #4 - Допълнително описание по предмет – тема
Основно описание – тема или топоним Околна среда - замърсяване и опазване - учебници за ВУЗ
9 (RLIN) 245928
653 ## - Ключова дума – ненормативна
Ключова дума околна среда
653 ## - Ключова дума – ненормативна
Ключова дума замърсяване на околната среда
653 ## - Ключова дума – ненормативна
Ключова дума мониторинг
653 ## - Ключова дума – ненормативна
Ключова дума контрол
653 ## - Ключова дума – ненормативна
Ключова дума учебници за ВУЗ
659 ## - Тематичен бюлетин
Тематичен бюлетин Н
700 1# - Други автори (авторска отговорност)
Лично име Найденов, Янчо Стоянов
Автороска отговорност (Описва отношението между автора и произведението) съавт.
9 (RLIN) 379865
852 ## - Местоположение
Форматна сигнатура Цб 274433
856 4# - Електронен адрес и достъп
Електронен формат pdf - файл
Път до файла /url/
856 4# - Електронен адрес и достъп
Електронен формат pdf - файл
Път до файла /url/
942 ## - АРТИКУЛИ
Вид на библиотечния материал Книги
Скрит в OPAC Не
Koha issues (borrowed), all copies 9
944 ## - СЪЗДАВАНЕ И РЕДАКЦИЯ на ЗАПИСА
Създаване/Редакция Създаване
Дата на регистрацията/редакция 01.06.2015
Статус, дата на статуса Цветелина Шанова
Служител, извършил регистрацията/редакцията 30531
944 ## - СЪЗДАВАНЕ И РЕДАКЦИЯ на ЗАПИСА
Създаване/Редакция Редакция
Дата на регистрацията/редакция 22.04.2017
Статус, дата на статуса ф /
Служител, извършил регистрацията/редакцията Пенка_Димитрова
999 ## - СИСТЕМНИ КОНТРОЛНИ НОМЕРА
Koha biblionumber 168197
Koha biblioitemnumber 168197
Наличности
Код за отписване Код за изгубен артикул Код за повреда Коз за рестрикции Код за отдаване Артикулен № Име на библиотеката - собственик Име на библиотеката, в която се намира в момента Статус (Текущо местоположение) Дата на вписване в системата Местоположение - отдел Цена в лева Инвентарен номер Систематично азбучна сигнатура Баркод Номер на екземпляра Цена в евро Служебна бележка Служебен тип на артикула Източник на класификационната схема
  Не е изгубен Не е повреден без рестрикции заемане за дома 283830 Регионална библиотека "Любен Каравелов" Русе Регионална библиотека "Любен Каравелов" Русе Заемна - подръчен фонд 2015-05-28 Заемна - подръчен фонд 17.00 120000788324 П 504/З 40 120000788324 1 8.69 Дост: Pk Вид: Ф N: 432 Дата: 22.05.2015 Дата инв: 08.02.2018 Бележки инв: П2018 Книги  
  Не е изгубен Не е повреден без рестрикции заемане за дома 283831 Регионална библиотека "Любен Каравелов" Русе Регионална библиотека "Любен Каравелов" Русе Заемна - подръчен фонд 2015-12-18 Заемна - подръчен фонд 16.00 120000795994 П 504/З 40 120000795994 2 8.18 Дост: Pk Вид: Ф N: 448 Дата: 14.12.2015 Дата инв: 08.02.2018 Бележки инв: П2018 Книги  
  Не е изгубен Не е повреден без рестрикции заемане за дома 283832 Регионална библиотека "Любен Каравелов" Русе Регионална библиотека "Любен Каравелов" Русе Заемна - подръчен фонд 2016-02-15 Заемна - подръчен фонд 17.00 120000797833 П 504/З 40 120000797833 3 8.69 Дост: Pk Вид: Ф N: 454 Дата: 05.02.2016 Дата инв: 08.02.2018 Бележки инв: П2018 Книги Universal Decimal Classification
  Не е изгубен Не е повреден без рестрикции ползва се в читалня 283833 Регионална библиотека "Любен Каравелов" Русе Регионална библиотека "Любен Каравелов" Русе Хранилище 2017-04-21 Хранилище 17.00 120000810097 Цб 274433 120000810097 4 8.69 Дост: Dp Вид: Д N: 12 Дата: 02.03.2017 Книги  
  Не е изгубен Не е повреден само за читалня ползва се в читалня 677429 Регионална библиотека "Любен Каравелов" Русе Регионална библиотека "Любен Каравелов" Русе Читалня 2018-06-18 Читалня 17.00 120000821470 Ч 50/З 40 120000821470   8.69   Книги Universal Decimal Classification
Vip Innovations Ltd, Rousse, Bulgaria 2025